[Event "6. Ciutat de Tarragona 2005"]
[Site "Tarragona ESP"]
[Date "2005.08.20"]
[Round "1.1"]
[White "Gallimo Llao, Enric"]
[Black "Delchev, Aleksander"]
[Result "0-1"]
[WhiteElo "1969"]
[BlackElo "2656"]
[PlyCount "64"]
[EventDate "2005.08.20"]
[EventType "swiss"]
[EventRounds "9"]
[EventCountry "ESP"]
[Source "lmi"]
[SourceDate "2005.08.28"]

1. d4 Nf6 2. c4 e6 3. g3 d5 4. Bg2 dxc4 5. Qa4+ c6 6. Qxc4 b5 7. Qc2 Bb7 8. Nf3
Nbd7 9. O-O c5 10. dxc5 Bxc5 11. Nc3 Rc8 12. a3 O-O 13. Qd3 a6 14. Bg5 Qb6 15.
b4 Bxf2+ 16. Rxf2 Rxc3 17. Qxc3 Qxf2+ 18. Kxf2 Ne4+ 19. Ke1 Nxc3 20. Rc1 Rc8
21. Bd2 Na4 22. Rxc8+ Bxc8 23. Nd4 Kf8 24. Nxb5 axb5 25. Bc6 Ndb6 26. Bxb5 e5
27. Be3 Be6 28. Bxb6 Nxb6 29. e4 Ke7 30. Kd1 Nc4 31. a4 Nd6 32. Bd3 Bb3+ 0-1

[Event "6. Ciutat de Tarragona 2005"]
[Site "Tarragona ESP"]
[Date "2005.08.20"]
[Round "1.2"]
[White "Kazhgaleyev, Murtas"]
[Black "Blasco Cusido, Francesc"]
[Result "1-0"]
[WhiteElo "2619"]
[BlackElo "1942"]
[PlyCount "65"]
[EventDate "2005.08.20"]
[EventType "swiss"]
[EventRounds "9"]
[EventCountry "ESP"]
[Source "lmi"]
[SourceDate "2005.08.28"]

1. e4 c5 2. Nf3 Nc6 3. d4 cxd4 4. Nxd4 Qc7 5. Nc3 e6 6. Be2 a6 7. O-O Nf6 8.
Kh1 Nxd4 9. Qxd4 Bc5 10. Qd3 b5 11. a3 Bb7 12. f4 d5 13. e5 Nd7 14. Qg3 O-O-O
15. Bd3 f5 16. Ne2 h6 17. b4 Bb6 18. a4 g5 19. axb5 gxf4 20. Bxf4 Rhg8 21. Qe1
axb5 22. Bg3 Qc6 23. Nf4 Bd4 24. Ra5 Nxe5 25. Bxb5 Qc3 26. Nxe6 Qxe1 27. Rxe1
Bc3 28. Re3 Bxb4 29. Ra4 Ng4 30. Re2 Bc3 31. Nc5 Rg7 32. Ba6 d4 33. Bxb7+ 1-0

[Event "6. Ciutat de Tarragona 2005"]
[Site "Tarragona ESP"]
[Date "2005.08.20"]
[Round "1.3"]
[White "Garcia Ines, Gustavo"]
[Black "Kogan, Artur"]
[Result "0-1"]
[WhiteElo "1866"]
[BlackElo "2580"]
[PlyCount "56"]
[EventDate "2005.08.20"]
[EventType "swiss"]
[EventRounds "9"]
[EventCountry "ESP"]
[Source "lmi"]
[SourceDate "2005.08.28"]

1. e4 c5 2. Nf3 d6 3. d4 Nf6 4. Nc3 cxd4 5. Nxd4 g6 6. Bg5 Bg7 7. Qd2 h6 8. Be3
Ng4 9. Bc4 Nxe3 10. Qxe3 Nc6 11. Nxc6 bxc6 12. f4 Qb6 13. Qxb6 axb6 14. Kd2 b5
15. Be2 b4 16. Nd1 Be6 17. c3 Kd7 18. a4 bxa3 19. bxa3 Ra4 20. Bd3 Rha8 21. f5
gxf5 22. exf5 Bb3 23. Ne3 Rxa3 24. Rab1 Ra2+ 25. Nc2 R8a3 26. Rxb3 Rxb3 27. Bc4
Rxc2+ 28. Kxc2 Rxc3+ 0-1

[Event "6. Ciutat de Tarragona 2005"]
[Site "Tarragona ESP"]
[Date "2005.08.20"]
[Round "1.4"]
[White "Dzhumaev, Marat"]
[Black "Caballero Gomez-Casero, Emilio"]
[Result "1-0"]
[WhiteElo "2531"]
[BlackElo "1843"]
[PlyCount "61"]
[EventDate "2005.08.20"]
[EventType "swiss"]
[EventRounds "9"]
[EventCountry "ESP"]
[Source "lmi"]
[SourceDate "2005.08.28"]

1. e4 e5 2. Nf3 Nc6 3. Bb5 a6 4. Ba4 Nf6 5. O-O Be7 6. Re1 b5 7. Bb3 O-O 8. a4
Bb7 9. d3 d6 10. Nbd2 Na5 11. Ba2 c5 12. c3 Rb8 13. axb5 axb5 14. d4 Nc6 15. d5
Na7 16. b4 cxb4 17. cxb4 Nc8 18. Bb1 Nb6 19. Bd3 Qd7 20. Ra5 Nc4 21. Nxc4 bxc4
22. Bxc4 Qg4 23. h3 Qg6 24. Nh4 Qh5 25. Nf5 Bd8 26. Qxh5 Nxh5 27. Rb5 Bc7 28.
Be3 Ba8 29. Ra1 Rxb5 30. Bxb5 Nf4 31. Ra7 1-0

[Event "6. Ciutat de Tarragona 2005"]
[Site "Tarragona ESP"]
[Date "2005.08.21"]
[Round "2.1"]
[White "Delchev, Aleksander"]
[Black "Touboulic, Julien"]
[Result "1-0"]
[WhiteElo "2656"]
[BlackElo "2174"]
[PlyCount "85"]
[EventDate "2005.08.20"]
[EventType "swiss"]
[EventRounds "9"]
[EventCountry "ESP"]
[Source "lmi"]
[SourceDate "2005.08.28"]

1. e4 c5 2. Nf3 d6 3. d4 cxd4 4. Nxd4 Nf6 5. Nc3 a6 6. Be3 e5 7. Nf3 Be7 8. Bc4
Be6 9. Bb3 Qc7 10. O-O O-O 11. Nh4 Nxe4 12. Nxe4 Bxb3 13. cxb3 Bxh4 14. Qxd6
Rc8 15. f4 Be7 16. Qxe5 Nc6 17. Qxc7 Rxc7 18. Bb6 Rcc8 19. Rad1 Bd8 20. Bc5 b6
21. Bf2 Bc7 22. g3 b5 23. Rd7 Nb8 24. Rd5 Nc6 25. Rc1 Nb4 26. Rd7 Ba5 27. Rxc8+
Rxc8 28. a3 Nc6 29. Nc5 Rd8 30. Rxd8+ Bxd8 31. Nxa6 Bf6 32. Nc7 b4 33. axb4
Bxb2 34. Nd5 Nd4 35. Kf1 Kf8 36. Bxd4 Bxd4 37. g4 Ke8 38. Ke2 Kd7 39. Kd3 Bg1
40. h3 Kd6 41. Ke4 h5 42. g5 g6 43. Ne3 1-0

[Event "6. Ciutat de Tarragona 2005"]
[Site "Tarragona ESP"]
[Date "2005.08.21"]
[Round "2.2"]
[White "Velasco Blasco, Juan Manuel"]
[Black "Kazhgaleyev, Murtas"]
[Result "0-1"]
[WhiteElo "2188"]
[BlackElo "2619"]
[PlyCount "32"]
[EventDate "2005.08.20"]
[EventType "swiss"]
[EventRounds "9"]
[EventCountry "ESP"]
[Source "lmi"]
[SourceDate "2005.08.28"]

1. d4 Nf6 2. Nc3 d5 3. Bg5 Nbd7 4. e4 dxe4 5. f3 c6 6. fxe4 e5 7. dxe5 Qa5 8.
Bxf6 gxf6 9. Nf3 Ba3 10. bxa3 Qxc3+ 11. Kf2 Nxe5 12. Nxe5 Qc5+ 13. Ke1 Qxe5 14.
Bd3 Rg8 15. Kf1 Bh3 16. Rg1 Qf4+ 0-1

[Event "6. Ciutat de Tarragona 2005"]
[Site "Tarragona ESP"]
[Date "2005.08.21"]
[Round "2.3"]
[White "Kogan, Artur"]
[Black "Martinez Asensio, Juan M"]
[Result "1-0"]
[WhiteElo "2580"]
[BlackElo "2137"]
[PlyCount "71"]
[EventDate "2005.08.20"]
[EventType "swiss"]
[EventRounds "9"]
[EventCountry "ESP"]
[Source "lmi"]
[SourceDate "2005.08.28"]

1. d4 Nf6 2. Nf3 c5 3. d5 b5 4. a4 b4 5. c4 d6 6. Nbd2 g6 7. g3 Bg7 8. Bg2 O-O
9. O-O a5 10. Ne1 Ra7 11. Nd3 e6 12. dxe6 fxe6 13. Qc2 Rc7 14. Nb3 Nc6 15. Bg5
e5 16. e3 Bb7 17. f4 Qe8 18. fxe5 Nxe5 19. Bxb7 Rxb7 20. Nxa5 Ra7 21. Nxe5 Rxa5
22. Bxf6 Rxf6 23. Rxf6 Qxe5 24. Rf2 Qxe3 25. Kg2 b3 26. Qe2 Qxe2 27. Rxe2 Be5
28. Ra3 Kg7 29. Rf2 g5 30. Kf1 Kg6 31. Ke1 Kh5 32. Kf1 Kg6 33. g4 h5 34. h3
hxg4 35. hxg4 Bd4 36. Rf5 1-0

[Event "6. Ciutat de Tarragona 2005"]
[Site "Tarragona ESP"]
[Date "2005.08.21"]
[Round "2.4"]
[White "Frih, Ameur"]
[Black "Dzhumaev, Marat"]
[Result "0-1"]
[WhiteElo "2142"]
[BlackElo "2531"]
[PlyCount "86"]
[EventDate "2005.08.20"]
[EventType "swiss"]
[EventRounds "9"]
[EventCountry "ESP"]
[Source "lmi"]
[SourceDate "2005.08.28"]

1. d4 f5 2. c4 Nf6 3. Nc3 g6 4. h4 Bg7 5. h5 d6 6. h6 Bf8 7. Bg5 e6 8. e4 fxe4
9. Nxe4 Be7 10. Bxf6 Bxf6 11. Nf3 O-O 12. Qd2 Nc6 13. O-O-O Bh8 14. Qe3 Qe7 15.
Neg5 Bd7 16. Kb1 Rae8 17. Bd3 Qf6 18. Be4 Ne7 19. Qd2 Nf5 20. Qc2 c5 21. dxc5
Ba4 22. Qd2 Bxd1 23. Rxd1 dxc5 24. Nxe6 Rxe6 25. Bd5 Rfe8 26. Ng5 Nd4 27. Re1
Qf5+ 28. Re4 Kf8 29. g4 Rxe4 30. Nxh7+ Ke7 31. gxf5 Re2 32. Qa5 Kd6 33. Be6
gxf5 34. Ng5 Bf6 35. f4 Nxe6 36. Nf7+ Ke7 37. Ne5 Rd8 38. a3 Rdd2 39. Qxa7
Rxb2+ 40. Kc1 Nxf4 41. Qxc5+ Ke6 42. h7 Rec2+ 43. Kd1 Rd2+ 0-1

[Event "6. Ciutat de Tarragona 2005"]
[Site "Tarragona ESP"]
[Date "2005.08.21"]
[Round "2.5"]
[White "Oratovsky, Michael"]
[Black "Pros Heras, Jordi"]
[Result "1-0"]
[WhiteElo "2529"]
[BlackElo "2127"]
[PlyCount "36"]
[EventDate "2005.08.20"]
[EventType "swiss"]
[EventRounds "9"]
[EventCountry "ESP"]
[Source "lmi"]
[SourceDate "2005.08.28"]

1. e4 e5 2. Bc4 Nf6 3. d3 Nc6 4. Nf3 Be7 5. h3 O-O 6. a3 d6 7. Nc3 Nb8 8. O-O
c6 9. a4 a5 10. Re1 Be6 11. Bxe6 fxe6 12. d4 Nbd7 13. Ng5 exd4 14. Nxe6 Qb6 15.
Qxd4 Qxd4 16. Nxd4 Nc5 17. Nf5 Rae8 18. Bf4 Nfxe4 1-0

[Event "6. Ciutat de Tarragona 2005"]
[Site "Tarragona ESP"]
[Date "2005.08.22"]
[Round "3.1"]
[White "Lujan, Carolina"]
[Black "Delchev, Aleksander"]
[Result "0-1"]
[WhiteElo "2323"]
[BlackElo "2656"]
[PlyCount "86"]
[EventDate "2005.08.20"]
[EventType "swiss"]
[EventRounds "9"]
[EventCountry "ESP"]
[Source "lmi"]
[SourceDate "2005.08.28"]

1. e4 c5 2. Nf3 e6 3. d4 cxd4 4. Nxd4 Nc6 5. Nc3 Qc7 6. Be2 a6 7. O-O Nf6 8.
Kh1 Bb4 9. Qd3 d6 10. f4 Bd7 11. Nb3 Na5 12. Nxa5 Bxa5 13. f5 O-O-O 14. Bg5
Bxc3 15. bxc3 exf5 16. exf5 Rhe8 17. Rab1 Bc6 18. Bf3 Re5 19. Bxc6 Qxc6 20.
Bxf6 gxf6 21. Rb4 Rc5 22. c4 d5 23. cxd5 Rdxd5 24. Qg3 Rxc2 25. Rg4 Rc1 26.
Rg8+ Kd7 27. Re1 Rdd1 28. Rge8 Rxe1+ 29. Rxe1 Qc3 30. Qxc3 Rxc3 31. h3 Ra3 32.
Rd1+ Ke7 33. Rc1 b5 34. Rc7+ Kf8 35. Rc2 h5 36. Kg1 h4 37. Kf1 Kg7 38. Ke1 Kh6
39. Kd1 Kg5 40. Kc1 Kxf5 41. Rf2+ Kg5 42. Kb2 Rg3 43. Rc2 f5 0-1

[Event "6. Ciutat de Tarragona 2005"]
[Site "Tarragona ESP"]
[Date "2005.08.22"]
[Round "3.3"]
[White "Lymar, Irina"]
[Black "Kogan, Artur"]
[Result "0-1"]
[WhiteElo "2316"]
[BlackElo "2580"]
[PlyCount "88"]
[EventDate "2005.08.20"]
[EventType "swiss"]
[EventRounds "9"]
[EventCountry "ESP"]
[Source "lmi"]
[SourceDate "2005.08.28"]

1. d4 Nf6 2. Nf3 c6 3. c4 d5 4. e3 a6 5. Bd3 Bg4 6. Qb3 Ra7 7. Ne5 e6 8. h3 Bh5
9. Nc3 Nbd7 10. g4 Bg6 11. Nxg6 hxg6 12. g5 dxc4 13. Bxc4 Nd5 14. e4 Nxc3 15.
bxc3 Rh4 16. f4 b5 17. Bxe6 fxe6 18. Qxe6+ Be7 19. Qxg6+ Kf8 20. e5 Nb6 21. e6
Qe8 22. Qxe8+ Kxe8 23. Kf2 c5 24. Kg3 Rh8 25. dxc5 Bxc5 26. f5 Bd6+ 27. Bf4
Bxf4+ 28. Kxf4 Ke7 29. h4 Rc7 30. Rac1 Rc4+ 31. Ke5 Rc5+ 32. Ke4 Nc4 33. Kf4
Rf8 34. f6+ gxf6 35. g6 Kxe6 36. h5 Rf5+ 37. Ke4 Nd6+ 38. Ke3 Rg5 39. Kf3 Rc8
40. Rce1+ Kf5 41. Re3 Rh8 42. Rd1 Nc4 43. Rd5+ Ne5+ 44. Ke2 Rhxh5 0-1

[Event "6. Ciutat de Tarragona 2005"]
[Site "Tarragona ESP"]
[Date "2005.08.22"]
[Round "3.4"]
[White "Dzhumaev, Marat"]
[Black "Guadalpi, David"]
[Result "1-0"]
[WhiteElo "2531"]
[BlackElo "2300"]
[PlyCount "56"]
[EventDate "2005.08.20"]
[EventType "swiss"]
[EventRounds "9"]
[EventCountry "ESP"]
[Source "lmi"]
[SourceDate "2005.08.28"]

1. e4 c5 2. Nf3 Nc6 3. Bb5 g6 4. O-O Bg7 5. c3 Nf6 6. Re1 O-O 7. e5 Nd5 8. d4
cxd4 9. cxd4 d6 10. Nc3 Nxc3 11. bxc3 a6 12. Bxc6 bxc6 13. Qa4 Qc7 14. exd6
exd6 15. Bf4 Bf5 16. c4 c5 17. dxc5 Qxc5 18. Rad1 Rfc8 19. Bxd6 Qc6 20. Qb3 Ra7
21. Nd4 Qxd6 22. Nxf5 Qc5 23. Rd5 Qc6 24. Qe3 gxf5 25. Qxa7 Qxc4 26. Qd7 Rb8
27. Rxf5 Qe4 28. Rd1 Bf8 1-0

[Event "6. Ciutat de Tarragona 2005"]
[Site "Tarragona ESP"]
[Date "2005.08.23"]
[Round "4.1"]
[White "Delchev, Aleksander"]
[Black "Abergel, Thal"]
[Result "1-0"]
[WhiteElo "2656"]
[BlackElo "2446"]
[PlyCount "45"]
[EventDate "2005.08.20"]
[EventType "swiss"]
[EventRounds "9"]
[EventCountry "ESP"]
[Source "lmi"]
[SourceDate "2005.08.28"]

1. e4 c5 2. Nf3 d6 3. d4 Nf6 4. Nc3 cxd4 5. Nxd4 Nc6 6. Bg5 e6 7. Qd2 a6 8.
O-O-O h6 9. Nxc6 bxc6 10. Bf4 d5 11. Qe3 Bb4 12. Be2 O-O 13. e5 Nd7 14. Qg3 Qc7
15. Rd4 Be7 16. Bd3 Re8 17. Re1 Bf8 18. Bxh6 f5 19. Rh4 Nc5 20. Bd2 Nxd3+ 21.
cxd3 Qf7 22. Qh3 Qg6 23. Ne2 1-0

[Event "6. Ciutat de Tarragona 2005"]
[Site "Tarragona ESP"]
[Date "2005.08.23"]
[Round "4.3"]
[White "Kogan, Artur"]
[Black "Katzir, Moshe"]
[Result "1-0"]
[WhiteElo "2580"]
[BlackElo "2202"]
[PlyCount "55"]
[EventDate "2005.08.20"]
[EventType "swiss"]
[EventRounds "9"]
[EventCountry "ESP"]
[Source "lmi"]
[SourceDate "2005.08.28"]

1. e4 c5 2. Nf3 e6 3. Nc3 a6 4. d4 cxd4 5. Nxd4 Qc7 6. Bd3 Nc6 7. Nxc6 bxc6 8.
O-O Nf6 9. f4 Bc5+ 10. Kh1 d6 11. Qe1 e5 12. Na4 Ba7 13. Qg3 Ng4 14. fxe5 dxe5
15. Bc4 f6 16. h3 h5 17. b4 Qd6 18. c3 a5 19. a3 axb4 20. axb4 Nf2+ 21. Rxf2
Bxf2 22. Qxf2 Rxa4 23. Rxa4 Qd1+ 24. Kh2 Qxa4 25. Qc5 Kd7 26. b5 Kc7 27. Qxc6+
Kb8 28. Bd5 1-0

[Event "6. Ciutat de Tarragona 2005"]
[Site "Tarragona ESP"]
[Date "2005.08.23"]
[Round "4.4"]
[White "Guidarelli, Laurent"]
[Black "Dzhumaev, Marat"]
[Result "0-1"]
[WhiteElo "2458"]
[BlackElo "2531"]
[PlyCount "102"]
[EventDate "2005.08.20"]
[EventType "swiss"]
[EventRounds "9"]
[EventCountry "ESP"]
[Source "lmi"]
[SourceDate "2005.08.28"]

1. e4 d6 2. d4 Nf6 3. Nc3 g6 4. Be3 c6 5. Qd2 Nbd7 6. Nf3 Qc7 7. Bd3 Ng4 8. Bg5
h6 9. Bh4 Bg7 10. h3 Ngf6 11. Qe3 e5 12. dxe5 dxe5 13. Bg3 O-O 14. Ne2 b6 15.
Bh2 Bb7 16. O-O Rae8 17. c3 Nc5 18. Bc2 Ba6 19. Rfd1 Nh5 20. Rd2 f5 21. exf5
gxf5 22. Nh4 f4 23. Qf3 Nf6 24. g3 fxg3 25. Nxg3 Nfe4 26. Nxe4 Rxf3 27. Nxf3
Nxe4 28. Bxe4 Bc8 29. Kg2 Qf7 30. Bg3 Rf8 31. Re1 Qe6 32. Ng1 h5 33. Bc2 Qxa2
34. Bxe5 Be6 35. b3 Qa5 36. b4 Qb5 37. f4 Bd5+ 38. Kg3 h4+ 39. Kg4 Qc4 40. Bd3
Qb3 41. Re3 Bxe5 42. fxe5 Kh8 43. Ne2 Be6+ 44. Kxh4 Qd5 45. Nd4 Qd8+ 46. Kh5
Qe8+ 47. Bg6 Bf7 48. Rg2 Rg8 49. Reg3 Bxg6+ 50. Rxg6 Rxg6 51. Rxg6 Kh7 0-1

[Event "6. Ciutat de Tarragona 2005"]
[Site "Tarragona ESP"]
[Date "2005.08.23"]
[Round "4.5"]
[White "Perpinya Rofes, Lluis Maria"]
[Black "Asis Gargatagli, Hipolit"]
[Result "1/2-1/2"]
[WhiteElo "2381"]
[BlackElo "2395"]
[PlyCount "63"]
[EventDate "2005.08.20"]
[EventType "swiss"]
[EventRounds "9"]
[EventCountry "ESP"]
[Source "lmi"]
[SourceDate "2005.08.28"]

1. e4 e6 2. d4 d5 3. Nc3 h6 4. Be3 Bb4 5. Qg4 Kf8 6. e5 b6 7. h4 Ne7 8. Nge2
Nf5 9. a3 Be7 10. Ng3 Nxh4 11. Nh5 g6 12. Nf4 h5 13. Qd1 Kg7 14. Bd3 Ba6 15. g3
Bxd3 16. Qxd3 Nf5 17. O-O-O c5 18. g4 hxg4 19. Rxh8 Kxh8 20. dxc5 bxc5 21. Qe2
Nc6 22. Qxg4 Nxe5 23. Rh1+ Nh4 24. Qg3 d4 25. Nxe6 fxe6 26. Qxe5+ Kh7 27. Bd2
dxc3 28. Bxc3 Qf8 29. Qe4 Qd8 30. Qe5 Qf8 31. Qe4 Qd8 32. Qe5 1/2-1/2

[Event "6. Ciutat de Tarragona 2005"]
[Site "Tarragona ESP"]
[Date "2005.08.24"]
[Round "5.2"]
[White "Kazhgaleyev, Murtas"]
[Black "Kogan, Artur"]
[Result "1/2-1/2"]
[WhiteElo "2619"]
[BlackElo "2580"]
[PlyCount "23"]
[EventDate "2005.08.20"]
[EventType "swiss"]
[EventRounds "9"]
[EventCountry "ESP"]
[Source "lmi"]
[SourceDate "2005.08.28"]

1. e4 e5 2. Nf3 Nc6 3. Bb5 a6 4. Ba4 Nf6 5. O-O b5 6. Bb3 Be7 7. Re1 O-O 8. c3
d6 9. h3 Bb7 10. d4 Re8 11. Nbd2 Bf8 12. a3 1/2-1/2

[Event "6. Ciutat de Tarragona 2005"]
[Site "Tarragona ESP"]
[Date "2005.08.24"]
[Round "5.3"]
[White "Perpinya Rofes, Lluis Maria"]
[Black "Oratovsky, Michael"]
[Result "0-1"]
[WhiteElo "2381"]
[BlackElo "2529"]
[PlyCount "70"]
[EventDate "2005.08.20"]
[EventType "swiss"]
[EventRounds "9"]
[EventCountry "ESP"]
[Source "lmi"]
[SourceDate "2005.08.28"]

1. e4 c5 2. Nf3 e6 3. d4 cxd4 4. Nxd4 a6 5. Nc3 b5 6. Bd3 d6 7. O-O Nf6 8. Qe2
Be7 9. Kh1 Qb6 10. Be3 Qb7 11. f4 b4 12. e5 bxc3 13. exf6 Bxf6 14. bxc3 Nd7 15.
Rab1 Qc7 16. Be4 Rb8 17. Rxb8 Nxb8 18. f5 e5 19. Nb3 O-O 20. Rd1 Be7 21. Qg4
Kh8 22. Qh5 Nd7 23. Qe2 Nf6 24. Bd3 Qxc3 25. Bd2 Qc6 26. Bg5 Rd8 27. c4 Qc7 28.
Nd2 d5 29. cxd5 Nxd5 30. Bxe7 Qxe7 31. Rf1 Qc7 32. Bc4 Nf4 33. Qe3 Bb7 34. Rg1
h6 35. h3 Rxd2 0-1

[Event "6. Ciutat de Tarragona 2005"]
[Site "Tarragona ESP"]
[Date "2005.08.24"]
[Round "5.4"]
[White "Midoux, Sebastien"]
[Black "Krivoshey, Sergei"]
[Result "1/2-1/2"]
[WhiteElo "2300"]
[BlackElo "2500"]
[PlyCount "63"]
[EventDate "2005.08.20"]
[EventType "swiss"]
[EventRounds "9"]
[EventCountry "ESP"]
[Source "lmi"]
[SourceDate "2005.08.28"]

1. c4 e6 2. Nc3 d5 3. d4 c6 4. cxd5 exd5 5. Bf4 Bf5 6. e3 Qb6 7. Qd2 Nf6 8. f3
Be7 9. g4 Be6 10. Bd3 Qd8 11. Nge2 c5 12. dxc5 Bxc5 13. Nb5 Na6 14. a3 O-O 15.
b4 Bb6 16. Rd1 Nb8 17. Bb1 Nc6 18. Qd3 g6 19. Nbd4 Nd7 20. Nxc6 bxc6 21. h4 c5
22. h5 Qf6 23. bxc5 Bxc5 24. hxg6 fxg6 25. Nd4 Bf7 26. g5 Qe7 27. Nc6 Qe6 28.
Nb4 Nb6 29. Ba2 Rae8 30. Kf2 Re7 31. Bxd5 Nxd5 32. Nxd5 1/2-1/2

[Event "6. Ciutat de Tarragona 2005"]
[Site "Tarragona ESP"]
[Date "2005.08.24"]
[Round "5.5"]
[White "Zurano Lopez, Pedro"]
[Black "Chabanon, Jean-Luc"]
[Result "1/2-1/2"]
[WhiteElo "2253"]
[BlackElo "2426"]
[PlyCount "57"]
[EventDate "2005.08.20"]
[EventType "swiss"]
[EventRounds "9"]
[EventCountry "ESP"]
[Source "lmi"]
[SourceDate "2005.08.28"]

1. d4 Nf6 2. Nf3 e6 3. g3 d5 4. Bg2 a6 5. O-O b5 6. a4 Bb7 7. axb5 axb5 8. Rxa8
Bxa8 9. Bf4 Nbd7 10. Nbd2 Nh5 11. Bg5 f6 12. Be3 Bd6 13. Nb3 g6 14. Qd3 c6 15.
Ra1 O-O 16. Nc5 Re8 17. Bh3 Bxc5 18. dxc5 Bb7 19. Ra7 Bc8 20. Qa3 e5 21. Bh6
Nf8 22. Bxc8 Qxc8 23. Bxf8 Rxf8 24. Qa6 Qxa6 25. Rxa6 Rc8 26. Nd2 Ng7 27. b4
Nf5 28. Nb3 Kf7 29. Na5 1/2-1/2

[Event "6. Ciutat de Tarragona 2005"]
[Site "Tarragona ESP"]
[Date "2005.08.25"]
[Round "6.1"]
[White "Kogan, Artur"]
[Black "Dzhumaev, Marat"]
[Result "1-0"]
[WhiteElo "2580"]
[BlackElo "2531"]
[PlyCount "85"]
[EventDate "2005.08.20"]
[EventType "swiss"]
[EventRounds "9"]
[EventCountry "ESP"]
[Source "lmi"]
[SourceDate "2005.08.28"]

1. e4 g6 2. d4 Bg7 3. Nc3 d6 4. Bg5 Nd7 5. f4 c5 6. Nf3 cxd4 7. Nxd4 Ngf6 8.
Be2 Qb6 9. Nb3 O-O 10. Qd2 Nc5 11. Bxf6 Nxb3 12. axb3 exf6 13. Nd5 Qd8 14. O-O
f5 15. exf5 Bxb2 16. Rad1 Bxf5 17. c3 Ba3 18. b4 a5 19. Qd4 f6 20. Bc4 Kh8 21.
Ra1 axb4 22. cxb4 Be6 23. Rf3 Bxd5 24. Bxd5 Qc7 25. Rc3 Qe7 26. Rb3 Ra5 27.
Rab1 Ra4 28. h3 Rc8 29. Re3 Qf8 30. Re6 Kg7 31. Qb6 Bc1 32. Qxb7+ Kh6 33. Re7
Qh8 34. Qd7 f5 35. Kh1 Bxf4 36. Qxa4 Qd4 37. Qd1 Qf6 38. Re6 Qh4 39. Qf3 Be5
40. b5 Rc3 41. Qf1 Qg3 42. Rxe5 dxe5 43. b6 1-0

[Event "6. Ciutat de Tarragona 2005"]
[Site "Tarragona ESP"]
[Date "2005.08.25"]
[Round "6.2"]
[White "Oratovsky, Michael"]
[Black "Muñoz Pantoja, Miguel"]
[Result "1-0"]
[WhiteElo "2529"]
[BlackElo "2474"]
[PlyCount "79"]
[EventDate "2005.08.20"]
[EventType "swiss"]
[EventRounds "9"]
[EventCountry "ESP"]
[Source "lmi"]
[SourceDate "2005.08.28"]

1. e4 c5 2. Nf3 Nc6 3. Bb5 Nf6 4. Bxc6 dxc6 5. d3 g6 6. h3 Bg7 7. Nc3 Nd7 8.
Be3 e5 9. Nd2 b6 10. Nc4 Qe7 11. a4 O-O 12. O-O Ba6 13. b3 f5 14. exf5 gxf5 15.
Bd2 Qh4 16. Be1 Qh6 17. Qd2 Qe6 18. Rd1 Bh6 19. Qe2 Rae8 20. Bd2 Bg7 21. Rfe1
Qg6 22. f3 h5 23. Kh1 b5 24. axb5 cxb5 25. Na5 b4 26. Nd5 Qd6 27. Ne3 Bb5 28.
Nac4 Qg6 29. Qf2 Bc6 30. Bc1 Re6 31. Bb2 Rf7 32. Ra1 e4 33. Bxg7 f4 34. dxe4
fxe3 35. Nxe3 Rxe4 36. Bb2 Ref4 37. Kh2 h4 38. Rad1 Bxf3 39. gxf3 Rxf3 40. Qxh4
1-0

[Event "6. Ciutat de Tarragona 2005"]
[Site "Tarragona ESP"]
[Date "2005.08.25"]
[Round "6.4"]
[White "Lujan, Carolina"]
[Black "Kazhgaleyev, Murtas"]
[Result "0-1"]
[WhiteElo "2323"]
[BlackElo "2619"]
[PlyCount "112"]
[EventDate "2005.08.20"]
[EventType "swiss"]
[EventRounds "9"]
[EventCountry "ESP"]
[Source "lmi"]
[SourceDate "2005.08.28"]

1. e4 c5 2. Nf3 d6 3. d4 cxd4 4. Nxd4 Nf6 5. Nc3 a6 6. g3 e5 7. Nde2 b5 8. Bg2
Nbd7 9. h3 Be7 10. O-O O-O 11. g4 b4 12. Nd5 Nxd5 13. exd5 a5 14. a3 Ba6 15.
Re1 Qc7 16. axb4 axb4 17. Bd2 Bh4 18. Ng3 Bxg3 19. fxg3 Bb7 20. Rxa8 Rxa8 21.
Kh2 Qc4 22. b3 Qc5 23. Be3 Qb5 24. g5 Nb6 25. Bxb6 Qxb6 26. Re4 Rc8 27. Rc4
Rxc4 28. bxc4 Qc5 29. Qe2 Ba6 30. Bf1 Kf8 31. Kg2 Qd4 32. Qd3 Qxd3 33. Bxd3 Ke7
34. Kf3 g6 35. Ke3 Bc8 36. g4 Kd8 37. Kd2 Kc7 38. c3 b3 39. Kc1 Kb6 40. Kb2 Bd7
41. Kxb3 Ka5 42. Be4 Ba4+ 43. Ka3 Bd1 44. c5 dxc5 45. c4 Kb6 46. d6 Be2 47. Kb3
Bf1 48. h4 Be2 49. Bd5 Bxg4 50. Bxf7 Kc6 51. Bg8 Kxd6 52. Bxh7 Bh5 53. Bg8 e4
54. Kc3 Ke5 55. Bd5 e3 56. Kd3 Kf4 0-1

[Event "6. Ciutat de Tarragona 2005"]
[Site "Tarragona ESP"]
[Date "2005.08.25"]
[Round "6.5"]
[White "Krivoshey, Sergei"]
[Black "Peric, Slavisa"]
[Result "1-0"]
[WhiteElo "2500"]
[BlackElo "2280"]
[PlyCount "111"]
[EventDate "2005.08.20"]
[EventType "swiss"]
[EventRounds "9"]
[EventCountry "ESP"]
[Source "lmi"]
[SourceDate "2005.08.28"]

1. d4 d5 2. c4 c6 3. Nf3 Nf6 4. e3 Bg4 5. Nc3 e6 6. h3 Bxf3 7. Qxf3 Nbd7 8. Bd3
Bd6 9. O-O O-O 10. Rd1 Re8 11. Bd2 dxc4 12. Bxc4 e5 13. Bb3 e4 14. Qe2 Nb6 15.
f4 exf3 16. Qxf3 Nbd5 17. Rf1 Bc7 18. e4 Nxc3 19. bxc3 Rxe4 20. Qd3 Qe7 21. Rf3
Re8 22. Raf1 c5 23. Ba4 Qd6 24. Bf4 Rxf4 25. Rxf4 Re7 26. Bc2 Kf8 27. g3 cxd4
28. cxd4 Ke8 29. Kg2 Qc6+ 30. R4f3 Nd5 31. R1f2 Ne3+ 32. Kh2 Nxc2 33. Rxc2 Qd5
34. Re3 Qd6 35. Rce2 Bd8 36. Qxh7 Qxd4 37. Qg8+ Kd7 38. Rxe7+ Bxe7 39. Qxf7 Qf6
40. Qd5+ Kc7 41. Rc2+ Kb8 42. Qg8+ Bd8 43. Rd2 Kc8 44. Qc4+ Kb8 45. h4 a6 46.
Qg8 Kc8 47. Qe8 Qe7 48. Rc2+ Kb8 49. Qxe7 Bxe7 50. Rf2 Bd6 51. Rf7 Be5 52. Kg2
b5 53. Kf3 b4 54. g4 Bc3 55. Ke4 a5 56. Kd3 1-0

[Event "6. Ciutat de Tarragona 2005"]
[Site "Tarragona ESP"]
[Date "2005.08.26"]
[Round "7.1"]
[White "Oratovsky, Michael"]
[Black "Kogan, Artur"]
[Result "1/2-1/2"]
[WhiteElo "2529"]
[BlackElo "2580"]
[PlyCount "32"]
[EventDate "2005.08.20"]
[EventType "swiss"]
[EventRounds "9"]
[EventCountry "ESP"]
[Source "lmi"]
[SourceDate "2005.08.28"]

1. d4 d5 2. c4 c6 3. Nf3 Nf6 4. Nc3 a6 5. cxd5 cxd5 6. Bf4 Nc6 7. e3 Bg4 8. Be2
e6 9. h3 Bxf3 10. Bxf3 Bd6 11. Bxd6 Qxd6 12. O-O O-O 13. Rc1 Nd7 14. Na4 Rac8
15. Qd2 b6 16. Be2 Ncb8 1/2-1/2

[Event "6. Ciutat de Tarragona 2005"]
[Site "Tarragona ESP"]
[Date "2005.08.26"]
[Round "7.2"]
[White "Krivoshey, Sergei"]
[Black "Delchev, Aleksander"]
[Result "1/2-1/2"]
[WhiteElo "2500"]
[BlackElo "2656"]
[PlyCount "33"]
[EventDate "2005.08.20"]
[EventType "swiss"]
[EventRounds "9"]
[EventCountry "ESP"]
[Source "lmi"]
[SourceDate "2005.08.28"]

1. d4 Nf6 2. c4 e6 3. Nf3 Bb4+ 4. Bd2 a5 5. g3 d5 6. Qc2 c5 7. Bg2 cxd4 8. cxd5
O-O 9. Nxd4 Qb6 10. e3 exd5 11. O-O Nc6 12. Nxc6 bxc6 13. Bc3 Ne4 14. a3 Bxc3
15. Nxc3 Nxc3 16. Qxc3 Be6 17. Rfd1 1/2-1/2